zpět

Detail výsledku týmu

Auto Da Fé ST, Kladno

Datum a čas kvízu

11.5 Celkem bodů Celkový počet nahraných bodů na tomto kvízu bez doplňovacích otázek.
10. Pořadí na kvízu Konečné umístění týmu na tomto kvízu.

Zaznamenané odpovědi

# Otázka Odpověď Body Výsledky
1. Na radnici městské části Brno-... o hlasovací zařízení 0
2. Prezident Vladimir Putin minul... Wikipedie 0
3. Ve čtvrtek v Praze odstartoval... Mezipatra 0
4. I velké společnosti se posledn... Henkel 0
5. V utkání Ligy mistrů mezi Atal... Kyle Walker 1
6. V období nadcházející zimy a v... rozpustné v tucích a rozpustné ve vodě 0
7. Za vitamíny se považují látky,... vitamín D (kalciferol) 1
8. Jedním z nejprodávanějších dop... morče 0
9. Vitamín B2 má v těle řadu funk... Riboflavin 0
10. Vitamín B3 se chemicky nazývá... nikotinová 0